| 000 | 00741ckm a22002055a 4500 | ||
|---|---|---|---|
| 001 | L143209 | ||
| 008 | 080416e18971030xxk eng u | ||
| 035 | _a(Sirsi) u143209 | ||
| 041 | _aeng | ||
| 110 | 1 |
_aAuctioneers' Institute of the United Kingdom _93785 |
|
| 245 | 0 | 0 |
_aAuctioneers Institute of the United Kingdom _bsupplement to "The Citizen" Saturday, October 30th 1897 _h[graphic] |
| 260 | _c30 October 1897 | ||
| 300 |
_a1 sheet _bill. _c83 x 56 cm. |
||
| 340 | _aPrinted | ||
| 351 | _cSingle item | ||
| 500 | _aItem is a poster showing photographic portraits of Fellows of the Institute. Item is fragile and has tears to the edges. | ||
| 651 | 4 |
_aUnited Kingdom _y |
|
| 690 | _aABOUT RICS-RELATED ORGANISATIONS | ||
| 942 | _n0 | ||
| 999 |
_c116804 _d116804 |
||